| Tag |
First Indicator |
Second Indicator |
Subfields |
| LEADER |
00000cam a2200000M 4500 |
| 001 |
in00004796821 |
| 006 |
m o d |
| 007 |
cr |n||||||||| |
| 008 |
240131s2024 xx o 0|| 0 eng d |
| 005 |
20240718164502.7 |
| 035 |
|
|
|a (OCoLC)on1419253852
|
| 040 |
|
|
|a YDX
|b eng
|c YDX
|d OCLKB
|d N$T
|d OCLCO
|d N$T
|d OCLCO
|d N$T
|d TMA
|d OCLCQ
|d DEGRU
|d SFB
|
| 019 |
|
|
|a 1419225501
|a 1425871399
|a 1432598043
|
| 020 |
|
|
|a 9781526166814
|q (electronic bk.)
|
| 020 |
|
|
|a 152616681X
|q (electronic bk.)
|
| 020 |
|
|
|z 1526166798
|
| 020 |
|
|
|z 9781526166791
|
| 020 |
|
|
|a 1526166801
|
| 020 |
|
|
|a 9781526166807
|q (electronic bk.)
|
| 024 |
7 |
|
|a 10.7765/9781526166814
|2 doi
|
| 035 |
|
|
|a (OCoLC)1419253852
|z (OCoLC)1419225501
|z (OCoLC)1425871399
|z (OCoLC)1432598043
|
| 050 |
|
4 |
|a HV8833
|
| 072 |
|
7 |
|a MED039000
|2 bisacsh
|
| 082 |
0 |
4 |
|a 365/.667
|2 23/eng/20240206
|
| 049 |
|
|
|a TXAM
|
| 100 |
1 |
|
|a Bennett, Rachel E.
|
| 245 |
1 |
0 |
|a MOTHERHOOD CONFINED
|b maternal health in english prisons, 1853-1955.
|
| 260 |
|
|
|a [S.l.] :
|b MANCHESTER UNIV PRESS,
|c 2024.
|
| 300 |
|
|
|a 1 online resource
|
| 336 |
|
|
|a text
|b txt
|2 rdacontent
|
| 337 |
|
|
|a computer
|b c
|2 rdamedia
|
| 338 |
|
|
|a online resource
|b cr
|2 rdacarrier
|
| 490 |
0 |
|
|a Social histories of medicine
|
| 520 |
|
|
|a The book is the first extensive historical examination of motherhood in English prisons. It addresses the challenges mothers and babies have historically posed to prison systems not designed with their containment and the management of their health in mind.
|
| 505 |
0 |
0 |
|t Front Matter --
|t Dedication --
|t Contents --
|t Figures --
|t Preface --
|t Acknowledgements --
|t Abbreviations --
|t Introduction --
|t 1 Contesting women's health in the prison system --
|t 2 Maternity care in prison --
|t 3 Mothering in a carceral space --
|t 4 Born in prison --
|t Conclusion --
|t Bibliography --
|t Index
|
| 546 |
|
|
|a In English.
|
| 650 |
|
0 |
|a Women prisoners
|x Health and hygiene.
|
| 650 |
|
0 |
|a Pregnancy.
|
| 650 |
|
6 |
|a Prisonnières
|x Santé et hygiène.
|
| 650 |
|
7 |
|a MEDICAL / History.
|2 bisacsh
|
| 655 |
|
7 |
|a Electronic books.
|2 local
|
| 776 |
0 |
8 |
|c Original
|z 1526166798
|z 9781526166791
|w (OCoLC)1385399613
|
| 856 |
4 |
0 |
|u https://www.degruyter.com/openurl?genre=book&isbn=9781526166814
|z Connect to the full text of this electronic book
|t 0
|
| 955 |
|
|
|a De Gruyter Open Access ebooks
|
| 994 |
|
|
|a 92
|b TXA
|
| 999 |
f |
f |
|s bc3b0e4f-2840-495c-9868-116e72040c5f
|i 608841ad-c91c-468c-b7d3-33312b0bf0d2
|t 0
|
| 952 |
f |
f |
|a Texas A&M University
|b College Station
|c Electronic Resources
|d Available Online
|t 0
|e HV8833
|h Library of Congress classification
|
| 998 |
f |
f |
|a HV8833
|t 0
|l Available Online
|